LDR 01049naa#a2200181#i#450# 001 RU\\bibl\126713 005 20260630033730.2 011 ## _a2223-9987 100 ## _a20260629b2026####ek#y0rusy0150####ca 102 ## _aRU 200 1# _aОптимизация параметров рессорного подвешивания и оценка показателей динамических качеств моторного вагона высокоскоростного электропоезда _eЖурнальная статья 210 1# _aСанкт-Петербург _cФГБОУ ВО "Петербургский государственный университет путей сообщения Императора Александра I" _d2026 215 ## _a14 с. 608 ## _aЖурнальная статья _2local 675 ## _aРессорное подвешивание. 629.4.027.3 _z 700 #1 _aСавоськин _gАнатолий Николаевич 700 #1 _aЛавлинская _gНаталия Сергеевна 856 4# _aatjournal.ru _u